000 01107nam a2200241 i 4500
001 54919
003 ES-MaACL
005 20250804063404.0
007 t|
008 960520s1894 sp |||| | spa d
100 1 _aGarcía, Juan Catalina,
_d1845-1911
_954060
245 1 0 _aDiscursos leídos ante la Real Academia de la Historia en la recepción pública del Excmo. señor D. Juan Catalina García en 27 de mayo de 1894 [tema: La Alcarria en los primeros siglos de la Reconquista ; y contestación del Sr. D. Juan de Dios de la Rada y Delgado].
260 _aMadrid :
_bEl Progreso Editorial,
_c1894.
300 _a154 p. ;
_c26 cm.
530 _aDisponible en formato digital.
651 4 _aLa Alcarria (España, Comarca)-
_xHistoria.
_9165850
651 4 _aEspaña-
_xHistoria-
_y0711-1492, Reconquista.
_98217
700 1 _aRada y Delgado, Juan de Dios de la.
_994904
710 2 _aReal Academia de la Historia (España)
_96309
852 _aES-MaACL
_jFol-Laf-113
856 _uhttp://bdh-rd.bne.es/viewer.vm?id=0000130244&page=1
_zBiblioteca Digital Hispánica
999 _c54919
_d54919